| 000 | 00817cam a2200277 4500 | ||
|---|---|---|---|
| 001 | 34268 | ||
| 003 | BD-RjUL | ||
| 005 | 20211209052129.0 | ||
| 008 | 700522s1970 nyua b 001 0 eng | ||
| 035 | _a(BD-RjUL) | ||
| 040 |
_aDLC _cDLC _dDLC _beng |
||
| 041 | _aeng | ||
| 082 | 0 | 0 |
_a 300 _219 _bMIH 1970 |
| 100 | 1 |
_aMiller, Delbert Charles, _d1913- _9104172 |
|
| 245 | 1 | 0 |
_aHandbook of research design and social measurement / _c Delbert C. Miller. |
| 250 | _a2d ed. | ||
| 260 |
_aNew York, _bMcKay _c1970 |
||
| 300 |
_axiii, 432 p. : _billus. ; _c21 cm. |
||
| 504 | _aIncludes bibliographies. | ||
| 650 | 0 |
_aSocial sciences _xResearch. _9104173 |
|
| 650 | 0 |
_aSociometry. _9100543 |
|
| 740 | _aResearch design and social measurement. | ||
| 942 |
_2ddc _cBK |
||
| 999 |
_c34268 _d34268 |
||